Culture Générale - Clic Quiz - La réponse est en emoji par IA #33 - Statistiques

Statistiques générales
  • Ce quiz a été pris 239 fois
  • Le résultat moyen est 22 sur 40
Statistiques - réponses
Hint Réponse % Correct
Titeuf
90%
Grand Schtroumpf
90%
Venom
89%
Baloo
86%
Clovis Ier
83%
Jean-Luc Reichmann
81%
Jésus-Christ
81%
Mowgli
79%
Archange Gabriel
78%
Yannick Noah
78%
Conan le Barbare
78%
Rox
75%
Yao Ming
74%
Bagheera
73%
Kaa
73%
Billy (Saw)
70%
Shere Khan
67%
Kurt Cobain
65%
Chris Pratt
61%
Papa Wemba
55%
Michel Berger
54%
Marek Hamšík
54%
Austin Powers
53%
Neil Patrick Harris (Barney Stinson dans How I Met Your Mother)
53%
Owen Wilson
50%
Rouky
50%
Jon Jones
44%
Lou Reed
43%
Gerald Ford
35%
Josh Radnor (Ted Mosby dans How I Met Your Mother)
34%
Wladimir Klitschko
29%
Josh Brolin
29%
Ed Harris
26%
Vince Vaughn
25%
Paul von Hindenburg
23%
Henri Pescarolo
23%
John Goodman
22%
Arnold Palmer
20%
Frederick Douglass
19%
Millard Fillmore
18%
Aucun quiz correspondant
Distribution des résultats
% des personnes avec chaque résultat
Percentile par nombre de réponses
Votre historique - résultats
Vous n’avez pas pris ce quiz